Novelas Escogidas

Gardado en:
Detalles Bibliográficos
Autor Principal: Hocking, Anne
Formato: Libro
Idioma:Undetermined
Publicado: Madrid, España Aguilar 1963
Materias:
Etiquetas: Engadir etiqueta
Sen Etiquetas, Sexa o primeiro en etiquetar este rexistro!

MARC

LEADER 00000nam a2200000Ia 4500
008 170316s9999 xx 000 0 und d
040 |a cru BVZT 
090 |a 820 H-9.1n 
100 |a Hocking, Anne 
245 |a Novelas Escogidas 
260 |a Madrid, España 
260 |b Aguilar 
260 |c 1963 
300 |a 1280 páginas 
650 |a LITERATURA INGLESA 
650 |a NOVELA 
999 |c 6955  |d 6955 
942 |c 15 D  |h 820 H-9.1n  |2 z